Comparison of Performance of A RC Building Structure Using Various Analysis Methods (Record no. 553969)
[ view plain ]
| 000 -LEADER | |
|---|---|
| fixed length control field | 00406nam a22001337a 4500 |
| 082 ## - DEWEY DECIMAL CLASSIFICATION NUMBER | |
| Classification number | P-747 |
| 100 ## - MAIN ENTRY--PERSONAL NAME | |
| Personal name | Syed Mustafa Jarri |
| 9 (RLIN) | 51227 |
| 245 ## - TITLE STATEMENT | |
| Title | Comparison of Performance of A RC Building Structure Using Various Analysis Methods |
| Statement of responsibility, etc. | Syed Mustafa Jarri |
| 260 ## - PUBLICATION, DISTRIBUTION, ETC. | |
| Place of publication, distribution, etc. | Risalpur, |
| Name of publisher, distributor, etc. | MCE, |
| Date of publication, distribution, etc. | 2017. |
| 300 ## - PHYSICAL DESCRIPTION | |
| Extent | 103p. |
| Other physical details | Nil |
| 526 ## - STUDY PROGRAM INFORMATION NOTE | |
| Program name | 0 |
| Interest level | 0 |
| Reading level | 0 |
| Title point value | P_747 |
| 700 ## - ADDED ENTRY--PERSONAL NAME | |
| Personal name | Maj Muhammad Rizwan |
| 9 (RLIN) | 51228 |
| 942 ## - ADDED ENTRY ELEMENTS (KOHA) | |
| Source of classification or shelving scheme | |
| Koha item type | Book |
| Withdrawn status | Lost status | Source of classification or shelving scheme | Damaged status | Not for loan | Permanent Location | Current Location | Date acquired | Total Checkouts | Full call number | Barcode | Date last seen | Copy number | Price effective from | Koha item type |
|---|---|---|---|---|---|---|---|---|---|---|---|---|---|---|
| Military College of Engineering (MCE) | Military College of Engineering (MCE) | 09/15/2017 | P-747 | MCE-P-747 | 03/13/2019 | Project | 09/15/2017 | Book |
